Corrosion engineering (Record no. 3984)

000 -LEADER
fixed length control field 00731nam a2200229 i 4500
001 - CONTROL NUMBER
control field 3984
003 - CONTROL NUMBER IDENTIFIER
control field BD-DhUET
008 - FIXED-LENGTH DATA ELEMENTS--GENERAL INFORMATION
fixed length control field 770810s1978 nyua b 001 0 eng
020 ## - INTERNATIONAL STANDARD BOOK NUMBER
International Standard Book Number
040 ## - CATALOGING SOURCE
Original cataloging agency DLC
Transcribing agency DLC
Modifying agency BD-DhUET
082 00 - DEWEY DECIMAL CLASSIFICATION NUMBER
Classification number 620.1122
Item number FON/1967
100 ## - MAIN ENTRY--PERSONAL NAME
Personal name Fontana, Mars G.
245 10 - TITLE STATEMENT
Title Corrosion engineering
250 ## - EDITION STATEMENT
Edition statement 2nd ed.
260 ## - PUBLICATION, DISTRIBUTION, ETC. (IMPRINT)
Place of publication, distribution, etc. New York
Name of publisher, distributor, etc. McGraw-Hill
Date of publication, distribution, etc. 1978
300 ## - PHYSICAL DESCRIPTION
Extent xiii, 465 p.
Other physical details ill.
Dimensions 24 cm.
490 0# - SERIES STATEMENT
Series statement Materials science and engineering series
504 ## - BIBLIOGRAPHY, ETC. NOTE
Bibliography, etc Includes bibliographies
650 #0 - SUBJECT ADDED ENTRY--TOPICAL TERM
Topical term or geographic name as entry element Corrosion - Engineering
700 ## - ADDED ENTRY--PERSONAL NAME
Personal name Greene, Norbert D.
942 ## - ADDED ENTRY ELEMENTS (KOHA)
Koha item type General Book
Holdings
Koha normalized classification for sorting Date acquired Piece designation (barcode) Source of classification or shelving scheme Koha date last borrowed Shelving location Damaged status Koha date last seen Koha full call number Location (home branch) Withdrawn status Sublocation or collection (holding branch) Copy number Lost status Koha issues (times borrowed) Price effective from Koha item type Not for loan
620_112200000000000_FON_19782014-11-1071357 2022-09-13Circulation section 2022-11-21620.1122/FON/1978Central Library, BUET Central Library, BUET1 22014-11-10General Book 
620_000000000000000_1122FON1972014-11-1271356 2022-07-25Circulation section 2022-10-01620.1122/FON/1978Central Library, BUET Central Library, BUET2 32014-11-12General Book 
620_000000000000000_1122FON1972014-11-1646427 2022-06-15Circulation section 2022-06-29620.1122/FON/1978Central Library, BUET Central Library, BUET3 22014-11-16General Book 
620_112200000000000_FON_19782014-11-2929712  Circulation section 2014-11-29620.1122/FON/1978Central Library, BUET Central Library, BUET4  2014-11-29General Book 
620_112200000000000_FON_19672015-07-0159780  Reading section 2015-07-01620.1122/FON/1967Central Library, BUET Central Library, BUET5  2015-07-01Reading Item 
620_112200000000000_FON_19672024-11-2459783  Rental section 2024-11-24620.1122 FON/1967Central Library, BUET Central Library, BUETক-৫  2024-11-24Rental Item 
620_112200000000000_FON_19672024-11-2459784  Rental section 2024-11-24620.1122 FON/1967Central Library, BUET Central Library, BUETক-৬  2024-11-24Rental Item 
620_112200000000000_FON_19672024-11-2459785  Rental section 2024-11-24620.1122 FON/1967Central Library, BUET Central Library, BUETক-৭  2024-11-24Rental Item 
620_112200000000000_FON_19672024-11-2459786  Rental section 2024-11-24620.1122 FON/1967Central Library, BUET Central Library, BUETক-৮  2024-11-24Rental Item